Possessions françaises d'outre-mer - Statistiques

Statistiques générales
  • Ce quiz a été pris 1 861 fois
  • Le résultat moyen est 10 sur 13
Statistiques - réponses
Réponses % Correct
Guadeloupe
97%
Martinique
97%
Guyane
96%
La Réunion
96%
Mayotte
91%
Nouvelle-Calédonie
79%
Saint-Pierre et Miquelon
79%
Polynésie française
77%
Wallis-et-Futuna
65%
Saint-Martin
62%
Saint-Barthélemy
58%
Terres australes et antarctiques françaises
43%
Clipperton
34%
Aucun quiz correspondant
Distribution des résultats
% des personnes avec chaque résultat
Percentile par nombre de réponses
Votre historique - résultats
Vous n’avez pas pris ce quiz